[Event "Reykjavik Open 2024"]
[Site "Reykjavik ISL"]
[Date "2024.03.19"]
[Round "7.152"]
[White "Blewett, John"]
[Black "Mercure, Gilbert"]
[Result "0-1"]
[WhiteElo "1668"]
[BlackElo "1804"]
[WhiteFideId "343414109"]
[BlackFideId "2629585"]
[EventDate "2024.03.15"]

1. d4 d5 2. Nc3 Nc6 3. Bf4 Bf5 4. Nf3 f6 5. e3 a6 6. Bd3 Bxd3 7. cxd3 e6 8. e4
Nge7 9. O-O Qd7 10. Qb3 Na5 11. Qc2 Nac6 12. Rac1 g5 13. Be3 h5 14. Rfe1 h4 15.
exd5 exd5 16. Na4 Qg4 17. h3 Qf5 18. Nh2 Kf7 19. Ng4 Ng6 20. Rf1 Bd6 21. Qd2 Kg7
22. Nc3 Nce7 23. Ne2 Qd7 24. f4 f5 25. Ne5 Bxe5 26. dxe5 g4 27. Qc3 Qe6 28. hxg4
h3 29. Qxc7 hxg2 30. Kxg2 Nh4+ 31. Kg3 fxg4 32. Nd4 Qf7 33. Bd2 Rac8 34. Qd7
Nef5+ 35. Nxf5+ Nxf5+ 36. Qxf5 Qxf5 0-1

[Event "Reykjavik Open 2024"]
[Site "Reykjavik ISL"]
[Date "2024.03.19"]
[Round "7.153"]
[White "Fjeldsted, Andres"]
[Black "Gilsdottir, Sara"]
[Result "0-1"]
[WhiteElo "1795"]
[BlackElo "1667"]
[WhiteFideId "2321378"]
[BlackFideId "1574337"]
[EventDate "2024.03.15"]

1. e4 c6 2. d4 d5 3. Nc3 dxe4 4. Nxe4 Nf6 5. Nxf6+ exf6 6. Be3 Be6 7. Nf3 Bd6 8.
Qd2 Nd7 9. Be2 Qc7 10. c4 Rd8 11. h3 Nf8 12. Qc3 Ng6 13. O-O-O a5 14. a3 O-O 15.
g3 Rb8 16. h4 b5 17. cxb5 cxb5 18. Qxc7 Bxc7 19. d5 Bf5 20. d6 Bb6 21. Nd4 Bd7
22. Kb1 b4 23. axb4 axb4 24. h5 Ne5 25. f4 Nc6 26. Bg1 Nxd4 27. Bxd4 Bf5+ 28.
Ka2 Be6+ 29. b3 Rfd8 30. d7 Bxd4 31. Rxd4 Rxd7 32. Rhd1 Rxd4 33. Rxd4 Kf8 34.
Kb2 f5 35. Bc4 Ke7 36. Rd2 Rb6 37. Rd1 Rc6 38. Bxe6 fxe6 39. Rd4 Rb6 40. Kc2 Kf6
41. Rd7 h6 42. Kd3 Rc6 43. Kd2 Rc3 44. Rd3 Rc7 45. Rd4 Rb7 46. Rc4 Rb6 47. Kd3
e5 48. fxe5+ Kxe5 49. Rc5+ Kf6 50. Kc4 Kg5 51. Rc7 g6 52. hxg6 Kxg6 53. Kc5 Rb8
54. Rc6+ Kg5 55. Rb6 Rxb6 56. Kxb6 Kg4 57. Kc5 Kxg3 58. Kxb4 f4 0-1

[Event "Reykjavik Open 2024"]
[Site "Reykjavik ISL"]
[Date "2024.03.19"]
[Round "7.154"]
[White "Leliveld, Andrew"]
[Black "Kaergaard, Sissel"]
[Result "1-0"]
[WhiteElo "1657"]
[BlackElo "1795"]
[WhiteFideId "2645327"]
[BlackFideId "1434195"]
[EventDate "2024.03.15"]

1. b4 d5 2. Bb2 Nf6 3. e3 Bg4 4. Nf3 e6 5. b5 Be7 6. c4 O-O 7. cxd5 Nxd5 8. Be2
Bf6 9. Bxf6 Qxf6 10. d4 Bf5 11. Qb3 Nd7 12. Nbd2 Bg6 13. O-O N5b6 14. Rfc1 Rfc8
15. a4 Nd5 16. Nc4 Qe7 17. Nfe5 Nxe5 18. Nxe5 Be4 19. f3 Bg6 20. Rc5 Qg5 21. f4
Qe7 22. Bf3 Qd6 23. Rac1 a6 24. bxa6 Qxa6 25. Bxd5 exd5 26. Nxg6 hxg6 27. Qxd5
Qxa4 28. Qxb7 Rab8 29. Qf3 Rb2 30. Qg4 Qa8 31. d5 Rf8 32. Qf3 Qa3 33. R5c3 Qa2
34. Rxc7 Rb1 35. h3 Rd8 36. Rxb1 Qxb1+ 37. Kh2 Qf5 38. e4 Qf6 39. e5 Qb6 40. d6
Qd4 41. h4 Kf8 42. Kh3 Qa4 43. Qd5 Qxf4 44. Qf3 Qf5+ 45. Qxf5 gxf5 46. Kg3 g6
47. Kf4 Ra8 48. Kg5 Re8 49. d7 Rd8 50. Kf6 1-0

[Event "Reykjavik Open 2024"]
[Site "Reykjavik ISL"]
[Date "2024.03.19"]
[Round "7.155"]
[White "Hauksson, Helgi"]
[Black "Proudfoot, Andy"]
[Result "1-0"]
[WhiteElo "1790"]
[BlackElo "1650"]
[WhiteFideId "2305593"]
[BlackFideId "487910"]
[EventDate "2024.03.15"]

1. e4 d5 2. exd5 Nf6 3. c4 e6 4. Nc3 exd5 5. d4 Be7 6. Nf3 O-O 7. Bd3 Bg4 8. h3
Bxf3 9. Qxf3 c6 10. O-O dxc4 11. Bxc4 Qxd4 12. Bb3 Nbd7 13. Be3 Qb4 14. Bf4 Bd6
15. Bd2 Qb6 16. Rad1 Qc7 17. Bg5 Rad8 18. Qf5 Rfe8 19. Rfe1 h6 20. Rxe8+ Rxe8
21. Be3 Be5 22. Kf1 Bxc3 23. bxc3 Qe5 24. Qf3 Qe7 25. Qg3 Qe5 26. Qxe5 Nxe5 27.
Bxa7 Ng6 28. g3 Re7 29. Bc5 Rd7 30. f3 Rxd1+ 31. Bxd1 Nd5 32. c4 Nc3 33. Bb3 Ne5
34. Bd4 1-0

[Event "Reykjavik Open 2024"]
[Site "Reykjavik ISL"]
[Date "2024.03.19"]
[Round "7.156"]
[White "Schilling, Patrick T"]
[Black "Gudnyjarson, Sigurdur Pall"]
[Result "0-1"]
[WhiteElo "1633"]
[BlackElo "1789"]
[WhiteFideId "30996295"]
[BlackFideId "2321637"]
[EventDate "2024.03.15"]

1. e4 c6 2. d4 d5 3. e5 Bf5 4. h4 h5 5. Bd3 Bxd3 6. Qxd3 Qa5+ 7. c3 e6 8. Nd2
Nh6 9. Nb3 Qb6 10. Nf3 Nf5 11. O-O Be7 12. Bg5 Bxg5 13. hxg5 Nd7 14. Rfc1 Nf8
15. c4 dxc4 16. Qxc4 Rd8 17. Nc5 h4 18. a4 Ng6 19. Ra3 Qc7 20. Rb3 b6 21. Na6
Qd7 22. Rd3 c5 23. d5 exd5 24. Rxd5 Qc8 25. Qb5+ Ke7 26. Nb4 Rxd5 27. Nxd5+ Kf8
28. Nc3 h3 29. g3 Qb7 30. Qd3 Nd4 31. Ne4 Nxf3+ 32. Qxf3 Nxe5 33. Qd1 h2+ 0-1

[Event "Reykjavik Open 2024"]
[Site "Reykjavik ISL"]
[Date "2024.03.19"]
[Round "7.157"]
[White "De Winter, Eric"]
[Black "Karlinder, Lovis Neo"]
[Result "1/2-1/2"]
[WhiteElo "1782"]
[BlackElo "1642"]
[WhiteFideId "1033069"]
[BlackFideId "34664785"]
[EventDate "2024.03.15"]

1. Nf3 d5 2. d4 Nf6 3. c4 e6 4. Nc3 Be7 5. Bf4 c6 6. e3 O-O 7. Be2 dxc4 8. Bxc4
b5 9. Bd3 Bb7 10. O-O a6 11. Qe2 c5 12. dxc5 Bxc5 13. Rfd1 Qb6 14. Ne5 Nc6 15.
Rac1 Rfd8 16. a3 1/2-1/2

[Event "Reykjavik Open 2024"]
[Site "Reykjavik ISL"]
[Date "2024.03.19"]
[Round "7.158"]
[White "Koletzko, Leon"]
[Black "Saemundsson, Thor"]
[Result "1-0"]
[WhiteElo "1777"]
[BlackElo "1626"]
[WhiteFideId "34644334"]
[BlackFideId "2407493"]
[EventDate "2024.03.15"]

1. e4 c6 2. d4 d5 3. exd5 cxd5 4. Bd3 Nc6 5. Nf3 Bg4 6. c3 Nf6 7. Bf4 e6 8. Nbd2
Be7 9. h3 Bh5 10. O-O Bd6 11. Bxd6 Qxd6 12. Qe1 O-O 13. Ne5 Rac8 14. f4 Ne7 15.
Ndf3 Bg6 16. Nxg6 hxg6 17. Ne5 Qb6 18. Rb1 a5 19. g4 Rc7 20. Kg2 a4 21. a3 Qa7
22. h4 b6 23. Rh1 Nc6 24. h5 Nxe5 25. fxe5 Nxg4 26. hxg6 fxg6 27. Qg3 Nf2 28.
Bxg6 Nxh1 29. Rxh1 Rff7 30. Qh3 Qa6 31. Qh8# 1-0

[Event "Reykjavik Open 2024"]
[Site "Reykjavik ISL"]
[Date "2024.03.19"]
[Round "7.159"]
[White "Megarbane, Julien"]
[Black "Osorio Ferrer, Roberto Eduardo"]
[Result "0-1"]
[WhiteElo "1632"]
[BlackElo "1776"]
[WhiteFideId "5304300"]
[BlackFideId "3964612"]
[EventDate "2024.03.15"]

1. Nf3 Nf6 2. d4 d5 3. g3 Bf5 4. Bg2 Nc6 5. O-O Qd7 6. Re1 O-O-O 7. Ng5 e6 8.
Nf3 Ne4 9. Nh4 h5 10. Nxf5 exf5 11. c4 dxc4 12. Nd2 Qxd4 13. e3 Qd7 14. Bxe4
fxe4 15. Qc2 h4 16. Qxe4 hxg3 17. fxg3 Bb4 18. Re2 f6 19. Qc2 Ne5 20. Nf1 Nf3+
21. Kh1 Qh3 22. Rf2 Ne5 23. Bd2 Bxd2 24. Rxd2 Rxd2 25. Qxd2 Qf5 26. Qg2 Rd8 27.
e4 Qf3 28. Qxf3 Nxf3 29. Ne3 Rd2 0-1

[Event "Reykjavik Open 2024"]
[Site "Reykjavik ISL"]
[Date "2024.03.19"]
[Round "7.160"]
[White "Winter, Kevin"]
[Black "Beyerle, Gregor"]
[Result "1/2-1/2"]
[WhiteElo "1758"]
[BlackElo "1610"]
[WhiteFideId "421960"]
[BlackFideId "34614494"]
[EventDate "2024.03.15"]

1. e4 c5 2. Nc3 Nc6 3. f4 g6 4. Nf3 Bg7 5. Bc4 d6 6. O-O Nf6 7. d3 Bg4 8. Bb5
O-O 9. Bxc6 bxc6 10. Qe1 Qb6 11. Kh1 a5 12. Qh4 Bh5 13. h3 Bxf3 14. Rxf3 Rfe8
15. Rf1 a4 16. f5 a3 17. Rb1 Nh5 18. bxa3 Qc7 19. Ne2 Bf6 20. Bg5 Rxa3 21. fxg6
hxg6 22. Bxf6 Nxf6 23. Nf4 1/2-1/2

[Event "Reykjavik Open 2024"]
[Site "Reykjavik ISL"]
[Date "2024.03.19"]
[Round "7.161"]
[White "Hasini, Kamabathula"]
[Black "Beatty, Samuel"]
[Result "1-0"]
[WhiteElo "1612"]
[BlackElo "1731"]
[WhiteFideId "25712837"]
[BlackFideId "1344390"]
[EventDate "2024.03.15"]

1. e4 e6 2. d4 d5 3. Nd2 dxe4 4. Nxe4 Nd7 5. Nf3 Ngf6 6. Nxf6+ Nxf6 7. g3 c5 8.
Bg2 cxd4 9. Qxd4 Qc7 10. c3 Bc5 11. Qe5 Qb6 12. O-O Bd7 13. Nd4 Rc8 14. Nf5 O-O
15. Nxg7 Be7 16. Nh5 Nxh5 17. Qxh5 Qc5 18. Qxc5 Bxc5 19. Bxb7 Rb8 20. Bg2 Rfd8
21. Rd1 f5 22. Bg5 1-0

[Event "Reykjavik Open 2024"]
[Site "Reykjavik ISL"]
[Date "2024.03.19"]
[Round "7.163"]
[White "Clare, Philip"]
[Black "Magnussen, Petur Gardar"]
[Result "0-1"]
[WhiteElo "1607"]
[BlackElo "1727"]
[WhiteFideId "343413315"]
[BlackFideId "7203802"]
[EventDate "2024.03.15"]

1. c4 Nf6 2. Nc3 e6 3. g3 d5 4. cxd5 exd5 5. d4 Bb4 6. e3 Bf5 7. Ne2 Be4 8. Rg1
Ng4 9. Bd2 Nxh2 10. Bg2 Bxg2 11. Rxg2 Nf3+ 12. Kf1 c6 13. Nf4 Nxd2+ 14. Qxd2 Nd7
15. a3 Bd6 16. e4 dxe4 17. Nxe4 Bxf4 18. Qxf4 O-O 19. Nd6 Qf6 20. Nf5 Nb6 21.
Rh2 Nd5 22. Qg4 Qg6 23. Qf3 Rfe8 24. Kg2 Ne7 25. Rh5 Nxf5 26. Rxf5 Re6 27. Re5
Rd8 28. Qe3 Rxe5 29. Qxe5 Qd6 30. Re1 Kf8 31. Re4 Qxe5 32. dxe5 Rd2 33. Rb4 b5
34. a4 a5 35. Rb3 b4 36. Kf3 c5 37. Ke3 Rc2 38. Kd3 Rxf2 39. Kc4 Rc2+ 40. Kb5 c4
41. Re3 b3 42. Kxa5 Rxb2 43. Kb4 Rc2 44. Rc3 b2 45. Rxc2 b1=Q+ 46. Kc3 Qb3+ 47.
Kd2 Qxa4 48. Rc3 Ke7 49. Ke3 Qb4 50. Kd4 Ke6 51. Rxc4 Qxc4+ 52. Kxc4 Kxe5 53.
Kd3 Kf5 54. Ke3 Kg4 55. Kf2 g5 56. Kg2 f5 57. Kh2 h5 58. Kg2 h4 59. gxh4 Kxh4
60. Kf2 g4 61. Kg2 f4 62. Kg1 Kh3 63. Kh1 g3 64. Kg1 g2 65. Kf2 0-1

[Event "Reykjavik Open 2024"]
[Site "Reykjavik ISL"]
[Date "2024.03.19"]
[Round "7.164"]
[White "Eiriksson, Theodor"]
[Black "Perchard, Matthew"]
[Result "0-1"]
[WhiteElo "1579"]
[BlackElo "1724"]
[WhiteFideId "2322277"]
[BlackFideId "343404235"]
[EventDate "2024.03.15"]

1. d4 Nf6 2. Nf3 e6 3. c4 c5 4. g3 cxd4 5. Qxd4 Nc6 6. Qd1 d5 7. cxd5 Nxd5 8.
Bg2 Bc5 9. O-O O-O 10. Qc2 Be7 11. a3 Bd7 12. Nc3 Nxc3 13. Qxc3 Bf6 14. Qd2 Qe7
15. Rb1 Rfd8 16. b4 e5 17. Bb2 Bf5 18. Qe3 Bxb1 19. Rxb1 Nd4 20. Nxd4 exd4 21.
Qxe7 Bxe7 22. Bxb7 Rab8 23. Bc6 d3 24. exd3 Rxd3 25. Re1 Bf8 26. Re2 g6 27. Kg2
Bg7 28. Bxg7 Kxg7 29. b5 Rxa3 30. Rc2 Rc8 31. Rd2 Rc7 32. Rb2 Rc3 33. Bf3 Rc2
34. Rb3 Rd2 35. Bc6 Re7 36. Rf3 f5 37. Ra3 Kf6 38. Ra6 Ke5 39. Ra4 g5 40. h3 h5
41. Ra5 Kd6 42. Ra6 Kc5 43. Ra1 Kb4 44. Rb1+ Kc3 45. Rc1+ Rc2 46. Ra1 Kd2 47.
Rb1 Rc1 48. Rb2+ Kc3 49. Ra2 Rd1 50. Ra3+ Kb2 51. Rf3 Re5 52. Kh2 Rd4 53. Kg2 g4
54. hxg4 hxg4 55. Rf4 Rxf4 56. gxf4 Rc5 57. Bd7 Kc3 58. Kg3 Kb4 59. Kh4 Rxb5 60.
Bxb5 Kxb5 61. Kg5 a5 0-1

[Event "Reykjavik Open 2024"]
[Site "Reykjavik ISL"]
[Date "2024.03.19"]
[Round "7.167"]
[White "Jonsdottir, Katrin Maria"]
[Black "Wolterink, Jule"]
[Result "1/2-1/2"]
[WhiteElo "1525"]
[BlackElo "1720"]
[WhiteFideId "2316706"]
[BlackFideId "12981206"]
[EventDate "2024.03.15"]

1. e4 e6 2. d4 d5 3. Nc3 dxe4 4. Nxe4 Nd7 5. Nf3 Ngf6 6. Ng3 Be7 7. c4 O-O 8.
Bd3 c5 9. dxc5 Nxc5 10. Bc2 b6 11. O-O Bb7 12. b3 Qc7 13. Bb2 Rfd8 14. Qe2 Rd7
15. Rad1 Rad8 16. Rxd7 Rxd7 17. Ne5 Rd8 18. Nh5 Nce4 19. Bxe4 Nxe4 20. Qg4 Bf6
21. Nxf6+ Nxf6 22. Qg3 Qe7 23. Ng4 Nxg4 24. Qxg4 f6 25. Re1 e5 26. Rd1 Rxd1+ 27.
Qxd1 h6 28. a3 Be4 29. b4 Kf7 30. Qe2 Qd7 31. h3 Qc6 32. f3 Bf5 33. Qf1 Be6 34.
c5 bxc5 1/2-1/2

[Event "Reykjavik Open 2024"]
[Site "Reykjavik ISL"]
[Date "2024.03.19"]
[Round "7.168"]
[White "Ernisson, Petur Ulfar"]
[Black "Hallmundarson, Birkir"]
[Result "0-1"]
[WhiteElo "1450"]
[BlackElo "1708"]
[WhiteFideId "2326116"]
[BlackFideId "2319446"]
[EventDate "2024.03.15"]

1. e4 c5 2. c3 Nf6 3. e5 Nd5 4. d4 cxd4 5. Nf3 Nc6 6. cxd4 d6 7. Be2 dxe5 8.
dxe5 Bg4 9. Bc4 e6 10. O-O Bxf3 11. Qxf3 Nxe5 12. Qb3 Nxc4 13. Qxc4 Bd6 14. Re1
O-O 15. Qg4 Nf6 16. Qf3 Qb6 17. Nd2 Rac8 18. h3 Bb4 19. b3 Qd4 20. Rb1 Bxd2 21.
Rd1 Rc2 22. Qe2 Ne4 23. Bxd2 Rxd2 24. Rxd2 Nxd2 25. Rd1 Rd8 26. Kh1 Kf8 27. Qh5
h6 28. Qa5 Qb6 29. Qa3+ Kg8 30. Qe7 Rd6 31. h4 Ne4 32. Rxd6 Qxd6 33. Qxb7 Qd1+
34. Kh2 Nxf2 35. Qxa7 Qh1+ 36. Kg3 Ne4+ 37. Kf4 Nf6 38. g3 Qe4# 0-1

[Event "Reykjavik Open 2024"]
[Site "Reykjavik ISL"]
[Date "2024.03.19"]
[Round "7.177"]
[White "Asgeirsson, Adalsteinn Egill"]
[Black "De Castro, Manuel"]
[Result "0-1"]
[WhiteElo "1434"]
[BlackElo "1603"]
[WhiteFideId "2323940"]
[BlackFideId "651002493"]
[EventDate "2024.03.15"]

1. e4 c5 2. Nc3 g6 3. Bc4 Nc6 4. f4 e6 5. Nf3 Bg7 6. O-O Nf6 7. d3 O-O 8. Qe1 d5
9. Bb3 Qb6 10. Kh1 Qd8 11. Be3 d4 12. Rd1 dxe3 13. Qxe3 Ng4 14. Qe2 Nf6 15. Ng5
Nd4 16. Qe1 h6 17. Nf3 Nxf3 18. Rxf3 b6 19. Qh4 Bb7 20. g4 Nh7 21. Qg3 Nf6 22.
Re1 Nh7 23. h4 Qe7 24. f5 exf5 25. exf5 Bxf3+ 26. Qxf3 Qxh4+ 27. Kg2 Qg5 28. Qe4
gxf5 0-1

[Event "Reykjavik Open 2024"]
[Site "Reykjavik ISL"]
[Date "2024.03.20"]
[Round "8.1"]
[White "Xu, Xiangyu"]
[Black "Suleymenov, Alisher"]
[Result "1/2-1/2"]
[WhiteTitle "GM"]
[BlackTitle "GM"]
[WhiteElo "2623"]
[BlackElo "2506"]
[WhiteFideId "8608288"]
[BlackFideId "13707833"]
[EventDate "2024.03.15"]

1. d4 d5 2. c4 e6 3. Nc3 Nf6 4. cxd5 exd5 5. Bg5 Bb4 6. Qc2 h6 7. Bh4 O-O 8. e3
c5 9. dxc5 Nc6 10. Nf3 Be6 11. Bb5 Bxc5 12. O-O Be7 13. Rfd1 Qb6 14. Bxc6 bxc6
15. Na4 Qb7 16. Nd4 Rac8 17. Bxf6 Bxf6 18. Rac1 Bg4 19. Rd3 c5 20. Rb3 Qa8 21.
Nxc5 Rxc5 22. Qxc5 Rc8 23. Qc6 Kh7 24. h3 Rxc6 25. Nxc6 Bd7 26. Rb8 Qxc6 27.
Rxc6 Bxc6 28. Rc8 Bb5 29. Rc5 a6 30. b3 d4 31. a4 Be2 32. exd4 Bxd4 33. Rc2 Bh5
34. b4 f6 35. Rc6 Be2 36. Re6 Be5 37. f4 Bc4 38. Rc6 Bd4+ 39. Kh1 Bf1 40. Rc1
Be2 41. Re1 Bh5 42. Re6 Bc3 43. b5 axb5 44. axb5 Bd2 45. b6 1/2-1/2

[Event "Reykjavik Open 2024"]
[Site "Reykjavik ISL"]
[Date "2024.03.20"]
[Round "8.2"]
[White "Deac, Bogdan-Daniel"]
[Black "Stefansson, Hannes"]
[Result "1-0"]
[WhiteTitle "GM"]
[BlackTitle "GM"]
[WhiteElo "2690"]
[BlackElo "2481"]
[WhiteFideId "1226380"]
[BlackFideId "2300087"]
[EventDate "2024.03.15"]

1. e4 e5 2. Nf3 Nc6 3. Bb5 Nf6 4. d3 Bc5 5. O-O Nd4 6. Nxd4 Bxd4 7. c3 Bb6 8.
Ba4 O-O 9. Bg5 h6 10. Bh4 d6 11. Nd2 g5 12. Bg3 Bg4 13. Qe1 Nh5 14. Bd1 Qd7 15.
Nc4 Bxd1 16. Qxd1 Nxg3 17. hxg3 d5 18. exd5 Qxd5 19. Qe2 Rad8 20. Rad1 Rfe8 21.
Rfe1 Re6 22. Qe4 f5 23. Qxd5 Rxd5 24. d4 e4 25. a4 f4 26. gxf4 gxf4 27. Ne5 c5
28. Rxe4 cxd4 29. cxd4 Bxd4 30. Rexd4 Rxd4 31. Rxd4 Rxe5 32. Rxf4 b5 33. a5 b4
34. Rxb4 Rxa5 35. Rb7 Ra2 36. Kh2 a5 37. f4 a4 38. Kh3 a3 39. bxa3 Rxa3+ 40. Kg4
Ra2 41. g3 Ra3 42. Rc7 Rb3 43. Kh4 Rf3 44. Ra7 Kh8 45. Rb7 Kg8 46. Re7 Kh8 47.
Kg4 Ra3 48. f5 Kg8 49. Kh4 Rb3 50. g4 1-0

[Event "Reykjavik Open 2024"]
[Site "Reykjavik ISL"]
[Date "2024.03.20"]
[Round "8.3"]
[White "Zhu, Jiner"]
[Black "Moussard, Jules"]
[Result "1/2-1/2"]
[WhiteTitle "GM"]
[BlackTitle "GM"]
[WhiteElo "2467"]
[BlackElo "2621"]
[WhiteFideId "8608059"]
[BlackFideId "642908"]
[EventDate "2024.03.15"]

1. e4 c5 2. Nf3 d6 3. d4 cxd4 4. Nxd4 Nf6 5. Nc3 a6 6. Be3 e6 7. Be2 Qc7 8. Qd2
b5 9. a3 h5 10. f3 Nbd7 11. O-O-O Be7 12. h3 h4 13. Rhe1 Rb8 14. f4 Bb7 15. e5
dxe5 16. fxe5 Ne4 17. Nxe4 Bxe4 18. Bg5 Nc5 19. Bxe7 Qxe7 20. Bf3 Bxf3 21. Nxf3
O-O 22. Kb1 Rfc8 23. Qf4 a5 24. Ng5 f6 25. exf6 Qxf6 26. Qxf6 gxf6 27. Nxe6 Kf7
28. Nxc5 Rxc5 29. Rd7+ Kg6 30. Re4 Rg5 31. Rxh4 Rxg2 32. Rg4+ Rxg4 33. hxg4 Kg5
34. Rd4 Rh8 35. b4 axb4 36. axb4 Rh4 37. c3 Rh2 38. Kc1 Re2 39. Kd1 Ra2 40. Rd6
Rg2 41. Rb6 Rh2 42. Rxb5+ Kxg4 43. c4 Kf4 44. c5 Ke5 45. Rb6 f5 46. b5 Kd4 47.
c6 Kd3 48. Ke1 Ke3 49. Kf1 Kf3 50. Kg1 Rg2+ 51. Kh1 Rc2 52. Rb7 Rc5 53. Rb8 f4
54. Rg8 Kf2 55. Rh8 Kg3 56. Rg8+ Kf2 57. Rh8 Kg3 58. Rg8+ 1/2-1/2

[Event "Reykjavik Open 2024"]
[Site "Reykjavik ISL"]
[Date "2024.03.20"]
[Round "8.4"]
[White "Hjartarson, Johann"]
[Black "Pultinevicius, Paulius"]
[Result "0-1"]
[WhiteTitle "GM"]
[BlackTitle "GM"]
[WhiteElo "2460"]
[BlackElo "2575"]
[WhiteFideId "2300044"]
[BlackFideId "12809390"]
[EventDate "2024.03.15"]

1. e4 c6 2. d4 d5 3. e5 Bf5 4. h4 h5 5. Bd3 Bxd3 6. Qxd3 Qa5+ 7. Nd2 e6 8. Nf3
Nh6 9. O-O Nf5 10. Nb3 Qa6 11. Qd1 b6 12. Bg5 c5 13. dxc5 Bxc5 14. c3 Nc6 15.
Re1 Rc8 16. Nxc5 bxc5 17. b3 Rc7 18. Qd2 Rd7 19. Red1 Qb7 20. Rac1 a5 21. Qe2
Qb8 22. g3 Qb7 23. Bf4 Rd8 24. Ne1 a4 25. Rb1 axb3 26. axb3 Rb8 27. Kh2 d4 28.
c4 Nb4 29. Nd3 Nxd3 30. Rxd3 Qa8 31. Rd2 Rb6 32. Ra2 Qb7 33. Rba1 O-O 34. Ra7
Qc6 35. Qd3 Rfb8 36. R1a3 R6b7 37. R7a6 Qc7 38. Qf3 Qd7 39. Qxh5 d3 40. Qd1 Qd4
41. Kh3 Qe4 42. R6a5 Qe2 43. Qd2 Nd4 44. b4 Qf1+ 45. Kg4 Qe2+ 46. Kh3 cxb4 47.
Rxd3 b3 48. Rxd4 Qf1+ 49. Kg4 b2 50. Rd8+ Kh7 51. Qc2+ g6 52. Rd1 b1=Q 53. Rxb1
Rxb1 54. h5 Qh1 55. hxg6+ fxg6 56. Ra7+ R1b7 57. Rxb7+ Rxb7 58. Kg5 Kg8 59. Kf6
Rf7+ 60. Kxe6 0-1

[Event "Reykjavik Open 2024"]
[Site "Reykjavik ISL"]
[Date "2024.03.20"]
[Round "8.8"]
[White "Adhiban, Baskaran"]
[Black "Kjartansson, Gudmundur"]
[Result "0-1"]
[WhiteTitle "GM"]
[BlackTitle "GM"]
[WhiteElo "2541"]
[BlackElo "2465"]
[WhiteFideId "5018471"]
[BlackFideId "2301318"]
[EventDate "2024.03.15"]

1. e4 e5 2. Nf3 Nc6 3. Bb5 Nf6 4. O-O Nxe4 5. d4 Nd6 6. Bxc6 dxc6 7. dxe5 Nf5 8.
Qxd8+ Kxd8 9. Rd1+ Ke8 10. Nc3 Ne7 11. a4 a5 12. Nd4 Nf5 13. Ndb5 cxb5 14. Nxb5
Ke7 15. Nxc7 Rb8 16. g4 Nh6 17. Nd5+ Kd7 18. Bg5 Kc6 19. h3 Be6 20. Ne7+ Bxe7
21. Bxe7 Rhe8 22. Bg5 b5 23. b3 bxa4 24. Rd6+ Kc7 25. Rxa4 f6 26. Bxh6 gxh6 27.
Rxa5 fxe5 28. Rda6 Bf7 29. Rc5+ Kd7 30. Rxh6 Bg6 31. h4 Rbc8 32. Rxc8 Rxc8 33.
c4 Rb8 34. h5 Bc2 35. c5 Rxb3 36. g5 Be4 37. Kh2 Rf3 38. c6+ Kc7 39. Re6 Rxf2+
40. Kg3 Rg2+ 41. Kh4 Bf5 42. Rxe5 Rg4+ 43. Kh3 Rxg5+ 44. Kh4 Rg4+ 45. Kh3 Bc8
46. Kh2 Kxc6 0-1

[Event "Reykjavik Open 2024"]
[Site "Reykjavik ISL"]
[Date "2024.03.20"]
[Round "8.9"]
[White "Lu, Miaoyi"]
[Black "Yilmazyerli, Mert"]
[Result "1/2-1/2"]
[WhiteTitle "WGM"]
[BlackTitle "GM"]
[WhiteElo "2392"]
[BlackElo "2526"]
[WhiteFideId "8618020"]
[BlackFideId "6305962"]
[EventDate "2024.03.15"]

1. e4 e5 2. Nf3 Nc6 3. Bb5 Nf6 4. O-O Nxe4 5. Re1 Nd6 6. Nxe5 Be7 7. Bf1 Nxe5 8.
Rxe5 O-O 9. d4 Bf6 10. Re2 b6 11. Re1 Bb7 12. Bf4 Nf5 13. c3 Nh4 14. Nd2 Bg5 15.
Qg4 Bxf4 16. Qxf4 d6 17. Ne4 Ng6 18. Qd2 Re8 19. d5 Qh4 20. Ng3 Qf4 21. Qxf4
Nxf4 22. c4 Kf8 23. Nf5 g6 24. Nd4 Rxe1 25. Rxe1 Re8 26. Rxe8+ Kxe8 27. g3 Nh5
28. Bh3 Nf6 29. f3 a6 30. a4 Nd7 31. Kf2 Ne5 32. b3 c5 33. dxc6 Nxc6 34. Nxc6
Bxc6 35. Ke3 1/2-1/2

[Event "Reykjavik Open 2024"]
[Site "Reykjavik ISL"]
[Date "2024.03.20"]
[Round "8.10"]
[White "Can, Emre"]
[Black "Steingrimsson, Hedinn"]
[Result "1/2-1/2"]
[WhiteTitle "GM"]
[BlackTitle "GM"]
[WhiteElo "2551"]
[BlackElo "2477"]
[WhiteFideId "6302181"]
[BlackFideId "2300117"]
[EventDate "2024.03.15"]

1. d4 d5 2. Nf3 Nf6 3. c4 dxc4 4. e3 e6 5. Bxc4 c5 6. Qe2 a6 7. dxc5 Bxc5 8. O-O
b5 9. Bd3 Nc6 10. Nbd2 Ra7 11. e4 Rd7 12. Bc2 e5 13. Nb3 Bb6 14. Be3 O-O 15.
Rac1 Rd6 16. h3 Be6 17. Rfd1 Bc4 18. Qe1 Bxe3 19. Qxe3 Rxd1+ 20. Rxd1 Qc7 21. a3
Rc8 1/2-1/2

[Event "Reykjavik Open 2024"]
[Site "Reykjavik ISL"]
[Date "2024.03.20"]
[Round "8.11"]
[White "Sushanth, Kamabathula"]
[Black "Balakrishnan, Praveen"]
[Result "0-1"]
[BlackTitle "GM"]
[WhiteElo "1918"]
[BlackElo "2490"]
[WhiteFideId "25712667"]
[BlackFideId "2064871"]
[EventDate "2024.03.15"]

1. e4 e6 2. d4 d5 3. Nd2 Nf6 4. e5 Nfd7 5. Bd3 c5 6. c3 Nc6 7. Ne2 cxd4 8. cxd4
f6 9. exf6 Nxf6 10. O-O Bd6 11. Nf3 O-O 12. Bf4 Bxf4 13. Nxf4 Ng4 14. Qd2 Qf6
15. Nh5 Qh6 16. Qxh6 Nxh6 17. Rac1 a6 18. Ng3 g6 19. Ne2 Nf7 20. Rfe1 Bd7 21.
Nf4 Ng5 22. Nxg5 Rxf4 23. Nxe6 Bxe6 24. Rxe6 Rxd4 25. Re3 Rf4 26. f3 Rf6 27. Kf2
g5 28. Rc5 Rd8 29. Kg3 Rd7 30. Kg4 h6 31. h4 gxh4 32. Kxh4 Kf7 33. Kg4 Rd8 34.
f4 Rg8+ 35. Kh3 Re6 36. Rf3 Nd4 37. Rc7+ Kf6 38. Bh7 Rg7 39. Rfc3 Nb5 40. Rxg7
Kxg7 41. Bf5 Rf6 42. Rg3+ Kf7 43. Kg4 Nd4 44. Bd3 Ne6 45. f5 Nc5 46. Kf4 Rb6 47.
b3 Nd7 48. Rg6 Rb4+ 49. Ke3 Nf6 50. g3 h5 51. Kd2 Rb6 52. Be2 Rc6 53. Kd1 Rc3
54. Rg5 Ne4 55. Rxh5 Rxg3 56. Rh7+ Rg7 57. Rh6 Rg2 58. Bf3 Rxa2 59. Rb6 Kg7 60.
Rxb7+ Kf6 61. Bxe4 dxe4 62. b4 Kxf5 63. b5 a5 64. b6 Kf4 65. Rf7+ Ke3 66. Rf5
Rb2 67. Rxa5 Rb1+ 68. Kc2 Rxb6 69. Re5 Rd6 70. Rh5 Kf2 71. Rf5+ Ke2 72. Rh5 Rc6+ 0-1